000 01048cam a22002531i 4500
003 SA-RiAUC
005 20250509153122.0
008 250508s1930 ua g i00010 ara c
040 _aSA-JeALM
_bara
_cSA-RiAUC
_erda
082 0 4 _a332.1221
_qSA-RiAUC
090 _a332.1221
_b ع و ض
100 1 _aالعوضي، رفعت السيد،
_d1938-
_eمؤلف.
245 1 0 _aمنهج الإدخار والاستثمار في الاقتصاد الإسلامي /
_cرفعت السيد العوضي.
264 1 _aالقاهرة :
_c1980
_b الإتحاد الدولي للبنوك الإسلامية
300 _a235 صفحة ؛
_c18 سم.
336 _aنص
_btxt
_2rdacontent
_3كتاب
337 _aبدون وسيط
_bn
_2rdamedia
338 _aمجلد
_bnc
_2rdacarrier
490 0 _aمطبوعات الإتحاد الدولي للبنوك الإسلامية
650 7 _aالإسلام والادخار
_2aucsh
650 7 _aالإسلام والاستثمار
_2aucsh
942 _2ddc
_cBOOK
_n0
949 _aSA-JeALM
_d250508
_umohamedma123
_n1
999 _c7739
_d7739